| 000 | 00627nam a22001937a 4500 | ||
|---|---|---|---|
| 999 |
_c19999 _d19999 |
||
| 003 | AR-CdUCM | ||
| 008 | 190318b ||||| |||| 00| 0 spa d | ||
| 040 |
_aMUNICIPALIDAD PROVINCIAL DEL CUSCO _cBIBLIOTECA MUNICIPAL DEL CUSCO |
||
| 082 |
_a985.05 / _bB26 |
||
| 100 |
_aBasadre, Jorge _9198 |
||
| 245 | _aIntroducción a las bases documentales para la historia de la república del Perú con algunas reflexiones / | ||
| 260 |
_aLima : _c1685. |
||
| 300 |
_a177 páginas ; _bFasciculos, _c26cm. |
||
| 650 |
_aÍndices _941836 |
||
| 650 |
_aHistoria _9136 |
||
| 650 |
_aDocumentos _97186 |
||
| 942 |
_2ddc _cLIBROS |
||
| 945 | _arcc | ||